Statistics for Countries in 1900's

Click here to take the quiz!

General Stats

  • This quiz has been taken 16 times
  • The average score is 49 of 116

Answer Stats

Country% Correct
China
93%
Germany
93%
Mexico
93%
Russia
93%
Austria-Hungary
87%
Colombia
87%
France
87%
Norway
87%
Ottoman Empire
87%
Sweden
87%
United Kingdom
87%
United States of America
87%
Australia
80%
Belgium
80%
Brazil
80%
Canada
80%
Chile
80%
Cuba
80%
Denmark
80%
Italy
80%
Japan
80%
Liechtenstein
80%
Netherlands
80%
Peru
80%
Portugal
80%
Spain
80%
Switzerland
80%
Argentina
73%
Bolivia
73%
Dominican Republic
73%
Ethiopia
73%
Greece
73%
Guatemala
73%
Haiti
73%
Honduras
73%
Liberia
73%
New Zealand
73%
Nicaragua
73%
Panama
73%
Paraguay
73%
Persia
73%
Romania
73%
Uruguay
73%
Venezuela
73%
Andorra
67%
Costa Rica
67%
Ecuador
67%
El Salvador
67%
Korea
67%
Luxembourg
67%
San Marino
67%
Montenegro
60%
Serbia
60%
Bulgaria
53%
Siam
53%
Monaco
47%
Nepal
47%
Bhutan
40%
Philippines
40%
Morocco
33%
Newfoundland
27%
Congo
20%
Orange Free State
20%
Transvaal
20%
Tonga
13%
Abuja
7%
Air
7%
Angoche
7%
Aro
7%
Ashanti
7%
Bali
7%
Beihan
7%
Biu
7%
Brakna
7%
Champasak
7%
Chokwe
7%
Crete
7%
Cruzob
7%
Darfur
7%
Daure-Baure
7%
Daure-Zango
7%
Dendi
7%
Dhala
7%
Geledi
7%
Gumel
7%
Gumma
7%
Ha'il
7%
Igala
7%
Igara
7%
Ilé-Ifẹ̀
7%
Kabbi
7%
Kajara
7%
Kano
7%
Kasanje
7%
Kel Ahaggar
7%
Krusevo
7%
Kuba
7%
Lafia Beri-Beri
7%
Mutayr
7%
Niue
7%
Nshenyi
7%
Obwera
7%
Onitsha
7%
Ouddai
7%
Potiskum
7%
Rabih's Empire
7%
Riyadh
7%
Rujumbura
7%
Rukiga
7%
Sokoto
7%
Swaziland
7%
Tagalog
7%
Tagant
7%
Tarza
7%
Upper Yafa
7%
Wukari
7%

Score Distribution

Percentile by Number Answered

Percent of People with Each Score

Your Score History

You have not taken this quiz